000 01612cam a2200373 i 4500
001 18622003
003 LC
005 20170217162905.0
008 150519t20162016enk b 001 0 eng
010 _a 2015019907
020 _a9781138916685 (hbk)
020 _z9781138916692 (pbk)
020 _z9781315689449 (ebk)
040 _aDLC
_beng
_cDLC
_erda
_dDLC
042 _apcc
050 0 0 _aPE 1408
_b.T87 2016
082 0 0 _a808/.042
100 1 _aTurley, Richard Marggraf,
_d1970-
_eauthor.
245 1 0 _aWriting essays :
_ba guide for students in English and the Humanities /
_cRichard Marggraf Turley.
250 _aSecond edition.
260 _aLondon :
_bRoutledge,
_c 2016
300 _axv, 141 pages ;
_c23 cm
504 _aIncludes bibliographical references and index.
505 0 _aHow to write introductions -- The middle section: structure & critics -- More on the middle section: linkage -- How to write conclusions -- Grammar & punctuation -- Improving your style -- Quotations, footnotes, & bibliographies -- Getting the most out of secondary sources -- The undergraduate dissertation -- How to write exam essays.
650 0 _aEnglish language
_xRhetoric.
650 0 _aEnglish philology
_xAuthorship.
650 0 _aHumanities literature
_xAuthorship.
650 0 _aCriticism
_xAuthorship.
650 0 _aAcademic writing.
650 0 _aReport writing.
906 _a7
_bcbc
_corignew
_d1
_eecip
_f20
_gy-gencatlg
942 _2lcc
_cBK
999 _c306695
_d306695